| 000 | 01577pam a2200349 a 4500 | ||
|---|---|---|---|
| 001 | 1054432 | ||
| 003 | S3H | ||
| 005 | 20180117085948.0 | ||
| 008 | 900628s1991 txu b 001 0 eng | ||
| 010 | _a 90042805 | ||
| 020 | _a0030311497 | ||
| 040 |
_aDLC _cDLC _dDLC |
||
| 050 | 0 | 0 |
_aH62 _b.K473 1991 |
| 082 | 0 | 0 |
_a300.72 JUD _220 |
| 100 | 1 | _aJudd, Charles M. | |
| 245 | 1 | 0 |
_aResearch methods in social relations / _cCharles M. Judd, Eliot R. Smith, Louise H. Kidder. |
| 250 | _a6th ed. | ||
| 260 |
_aFort Worth : _bHolt, Rinehart, and Winston, _cc1991. |
||
| 300 |
_axii, 573 p. ; _c24 cm. |
||
| 500 | _aRev. ed. of: Research methods in social relations / Louise H. Kidder. 5th ed. 1986. | ||
| 504 | _aIncludes bibliographical references (p. 529-559) and index. | ||
| 650 | 0 |
_aSocial sciences _xResearch _xMethodology. |
|
| 700 | 1 | _aSmith, Eliot R. | |
| 700 | 1 | _aKidder, Louise H. | |
| 700 | 1 |
_aKidder, Louise H. _tResearch methods in social relations. |
|
| 906 |
_a7 _bcbc _corignew _d1 _eocip _f19 _gy-gencatlg |
||
| 942 |
_2ddc _cBK |
||
| 999 |
_c23583 _d23583 |
||